00980nam a22003017a 450000500170000000800410001702000180005802000180007604000410009404100080013510000270014324500530017025000100022326000480023330000180028149000310029950400530033065000190038365000390040265000280044165000310046965000270050065000240052765000350055165000320058665000340061865000260065220260130084313.0260130t ||||| |||| 00| 0 spa d a9789587923728 a9789587923735 aCO-BoUCMcDavid MorenodDavid Moreno aspa1 aPlazas Porras, Alberto10aEmprender con propósitocAlberto Plazas Porras a1a.Ed aBogotá, ColombiabEdiciones de la Uc2022 a278 páginas aGestión y emprendimiento aIncluye referencias bibliográficas e índices14aEmprendimiento14aResponsabilidad social empresarial14aÉtica en los negocios14aPropósito organizacional14aCreación de empresas14aInnovación social14aEmprendimiento con propósito14aEmpresas con impacto social14aModelo de negocio responsable14aLiderazgo con sentido